Opatrenie, ktorým sa ustanovujú účtovné výkazy pre politické strany, hnutia, občianske združenia a iné nezárobkové organizácie

Text opatrení MF SR č.65/54/1993.

Guardado en:
Detalles Bibliográficos
Formato: Capítulo de libro
Lenguaje:eslovaco
Materias:
Etiquetas: Agregar Etiqueta
Sin Etiquetas, Sea el primero en etiquetar este registro!

MARC

LEADER 00000naa a2200000 4500
001 r014366
005 20221213123618.1
041 0 |a slo 
044 |a SK 
245 1 0 |a Opatrenie, ktorým sa ustanovujú účtovné výkazy pre politické strany, hnutia, občianske združenia a iné nezárobkové organizácie 
520 |a Text opatrení MF SR č.65/54/1993. 
610 2 0 |a výkazy účtovné 
610 2 0 |a predpisy právne 
610 2 0 |a Slovensko 
610 2 0 |a 1993 
610 2 0 |a strany politické 
610 2 0 |a hnutie politické 
610 2 0 |a organizácie neziskové